00000000nam##2200000za#4500
0019.625321
003CaOODSP
00520200327182838
007ta
008150406|2001||||xxc|||||     f|0| 0 fre|d
020 |a0-662-84706-7
022 |a0825-3668
040 |aCaOODSP|bfre
043 |an-cn---
0861 |aR61-2/8-11F
1101 |aCanada.|bPatrimoine canadien. |bParcs Canada.
24510|aImpacts du pétrole sur les ressources marines d'eaux froides : |bune revue pertinente du mandat, en pleine évolution, de Parcs Canada en matière de vie marine / |cpar N. A. Sloan.
260 |aOttawa - Ontario : |bPatrimoine canadien. |c2001.
300 |aiii, 78p. : |c28 cm.
4901 |aPublication hors série|x0825-3668|vN° 11
500 |a«La présente revue donne un bref aperçu des effets actuels de la pollution par le pétrole sur le nouveau mandat de Parcs Canada pour la gérance d'écosystèmes représentatifs des eaux froides canadiennes, tant océaniques qu'estuariennes.»--Sommaire. Données de catalogage avant publication (Canada) sont imprimées sur cette publication.
504 |aBibliographie.
5203 |aLa présente revue donne un bref aperçu des effets actuels de la pollution par le pétrole sur le nouveau mandat de Parcs Canada pour la gérance d'écosystèmes représentatifs des eaux froides canadiennes, tant océaniques qu'estuariennes.--Sommaire
563 |aCouverture souple
590 |a01-40|b2001-10-05
69107|aÉcosystème marin|2gcpds
69107|aDéversement de pétrole|2gcpds
7201 |aSloan, N. A.
7760#|tImpacts du pétrole sur les ressources marines d'eaux froides : |w(CaOODSP)9.605453
830#0|aPublication hors série,|x0825-3668|vN° 11|w(CaOODSP)9.513215